[Event "EU-chT (Men) 13th"]
[Site "Leon"]
[Date "2001.11.11"]
[Round "6.1"]
[White "Lutz, Christopher"]
[Black "Andersson, Ulf"]
[Result "1/2-1/2"]
[WhiteElo "2643"]
[BlackElo "2601"]
[Annotator "Ribli,Z"]
[PlyCount "73"]
[EventDate "2001.11.06"]
[EventType "team-swiss"]
[EventRounds "9"]
[EventCountry "ESP"]
[SourceTitle "CBM 086"]
[Source "ChessBase"]
[SourceDate "2002.02.05"]
[SourceVersion "1"]
[SourceVersionDate "2002.02.05"]
[SourceQuality "1"]
[WhiteTeam "Germany"]
[BlackTeam "Sweden"]
[WhiteTeamCountry "GER"]
[BlackTeamCountry "SWE"]

1. e4 c5 2. Nf3 e6 3. d4 cxd4 4. Nxd4 Nc6 5. Nc3 a6 6. Be2 Qc7 7. O-O Nf6 8.
Be3 Bb4 9. Na4 Be7 {Die Variante 9...0-0 wird heutzutage selten gespielt, denn
es folgt 10.Nxc6 bxc6 11.c4 und der b4B steht unglücklich.} 10. Nxc6 bxc6 11.
Nb6 Rb8 12. Nxc8 Qxc8 13. Bd4 d5 $5 {[%mdl 8] Eine interessante Idee - Weiß
hat das Läuferpaar und Schwarz öffnet die Stellung. Anderseits ist der Textzug
logisch, da Schwarz seine Mehrheit im Zentrum mobilisiert.} 14. Qd3 $146 {
Ein typisches Motiv in solchen Stellungen - Weiß möchte den a6-Bauern nehmen,
wonach der weiße a-Bauer immer sehr stark in allen Endspielen wäre.} (14. exd5
$6 {Mit diesem Zug verstärkrt Weiß nur die schwarze Zentrumsstellung.} cxd5 15.
c4 O-O 16. Be5 Rb6 17. Qd4 Bc5 18. Qh4 Ne4 19. Bd3 f5 $5 20. Bxe4 fxe4 21. Rad1
Rb7 {0-1 Gallagher,J-Iuldachev,S/Sangli 2000/EXT 2001 (30)}) (14. Be5 Rb6)
14... a5 (14... Nxe4 15. Bxg7 Rg8 16. Be5 Rb6 (16... Bd6) 17. f3 Bc5+ 18. Bd4 (
18. Kh1 Nf2+ 19. Rxf2 Bxf2 20. Qxh7 Ke7 $15) 18... e5 19. fxe4 (19. Bxc5 Qh3
20. g4 Nxc5 21. Qa3 Ne6 $36 {[%cal Ge6f4]}) 19... Bxd4+ 20. Kh1 $13) 15. Be5
Nxe4 $13 (15... Rb6 $5) 16. Bxg7 {Natürlich ist dieser Zug chancenreicher als
das Nehmen der Qualität.} (16. Bxb8 Qxb8 $44 {Schwarz hat einen Mehrbauern und
eine feste Stellung für die Qualität.}) 16... Rg8 17. Be5 Bd6 18. Bxd6 Nxd6 19.
b3 (19. Qxh7 Kd7 20. b3 Qd8 $44 {Für den Bauern hat Schwarz etwas Druck am
Königsflügel. Doch ich bin gar nicht sicher, ob diese Kompensation ausreichend
ist.}) 19... Ne4 20. c4 (20. f3 Nf6 $13) 20... Qd8 21. Bf3 (21. f3 $2 Qb6+ $17)
21... Ng5 22. g3 (22. Be2 Ne4) (22. Bh5 $5 {Auf diese Weise kann Weiß kann den
Läufer auf dem Brett halten.} Qf6 $13) 22... Nxf3+ {Schwarz - natürlich -
wartet nicht auf den Zug 23.Bg2, sondern nimmt den Läufer.} 23. Qxf3 Kf8 {
Weiß hat die bessere Bauernstruktur, aber mit den richtigen Zügen kann Schwarz
die Stellung halten.} 24. Rac1 {[%cal Gc1c8]} Rg6 $1 {[%mdl 256] Schwarz
bereitet den Sicherungszug 25...Kg8 vor.} 25. cxd5 cxd5 26. Qc3 Kg8 27. Rfd1 (
27. Qc7 Qxc7 28. Rxc7 a4 29. bxa4 Ra8 $11) 27... Rg4 $1 $11 {[%cal Gg4b4]
Endlich kann Schwarz die zwei Türme verbinden.} 28. Qf3 {Weiß hat keinen
konkreten Spielplan.} Rgb4 29. Rd3 a4 30. Rcc3 (30. bxa4 Rxa4 $11) 30... axb3
31. axb3 (31. Rxb3 $11) 31... Qg5 {Stufenweise hat Schwarz seine Stellung
verbessert.} 32. Rc7 Qg6 33. Kg2 Rf8 (33... R8b7 $11) 34. Rd7 Qe4 35. Qxe4 dxe4
(35... Rxe4 $11) 36. Rc3 Kg7 37. Rc4 1/2-1/2

[Event "Pamplona 0102"]
[Site "Pamplona"]
[Date "2002.01.03"]
[Round "7"]
[White "Almasi, Zoltan"]
[Black "Andersson, Ulf"]
[Result "1-0"]
[WhiteElo "2630"]
[BlackElo "2601"]
[Annotator "Ribli,Z"]
[PlyCount "77"]
[EventDate "2001.12.27"]
[EventType "tourn"]
[EventRounds "9"]
[EventCountry "ESP"]
[EventCategory "14"]
[SourceTitle "CBM 087"]
[Source "ChessBase"]
[SourceDate "2002.03.21"]
[SourceVersion "1"]
[SourceVersionDate "2002.03.21"]
[SourceQuality "1"]

1. e4 c5 2. Nf3 e6 3. d4 cxd4 4. Nxd4 Nc6 5. Nc3 a6 6. Be2 Qc7 7. O-O Nf6 8.
Be3 Bb4 {Früher spielte der schwedische GM auch die Scheweninger Variante (8...
d6), aber in letzter Zeit bevorzugt er die Partiefortsetzung.} 9. Na4 Be7 (9...
O-O {Das ist die früher bevorzugte Fortsetzung. Heute aber hat der Textzug -
da der Bb4 früher oder später das Feld b4 ohnehin verlassen muss - mehr
Anhänger.}) 10. Nxc6 bxc6 11. Nb6 Rb8 12. Nxc8 Qxc8 13. Bd4 {Das ist derzeit
die Grundstellung der Variante 8...Bb4.} (13. e5 Nd5 14. Bd4 (14. Bc1 Bc5)
14... c5) 13... c5 (13... d5 14. Qd3 a5 15. Be5 Nxe4 16. Bxg7 Rg8 17. Be5 Bd6
18. Bxd6 Nxd6 19. b3 Ne4 {1/2-1/2 Lutz,C-Andersson,U/Leon 2001/CBM 86 no vc 
(37)}) (13... Nxe4 14. Bxg7 Rg8 15. Be5 d6 16. Qd3 f5 17. Bh5+ Kd7 18. Rad1 $14
) 14. Be5 Rb6 15. Qd3 (15. b3 Nxe4 16. Bxg7 Rg8) 15... d6 (15... Qc6) 16. Bc3
O-O 17. b3 {Weiß hat das Läuferpaar, dafür ist die schwarze Stellung solide.
Es ist jedoch nicht leicht für Schwarz, sich für einen konkreten Spielplan zu
entscheiden.} Rc6 (17... Nd7 18. Rad1 Bf6 19. Ba5 Rc6 20. Qg3 Qb8 21. f4 Re8
22. e5 Be7 23. exd6 Rxd6 24. Rxd6 Bxd6 25. Bc3 Bf8 26. Bxa6 {1-0 Shirov,A-De
la Riva Aguado,O/Andorra AND 2001/(33)}) (17... d5 18. e5 $1 (18. exd5 Nxd5 19.
Be5) 18... Nd7 19. f4 c4 (19... f5 20. Qh3 (20. exf6 Bxf6 21. Bxf6 Nxf6 22. Bf3
Kh8 23. Rae1 a5 24. Re2 Rd8 25. Rfe1 {1-0 Kasparov,G-Lautier,J/Cannes FRA 2001
(37)}) 20... c4 21. bxc4 Qc5+ 22. Kh1 d4 23. Rad1 dxc3 24. Rxd7 Rfb8 25. Qxc3
Rb1 26. Rdd1 Rxd1 27. Rxd1 Qf2 28. Bf3 {1-0 Almasi,Z-Delchev,A/Pula CRO 2001/
(61)}) 20. bxc4 Rc6 21. Qh3 Nb6 22. Bd3 g6 23. f5 (23. Rf3 Re8 24. Rg3 Rxc4 25.
Bxc4 Qxc4 26. f5 {1-0 Lutz,C-Ye Jiangchuan/Batumi GEO 2001/(47)}) 23... exf5
24. Rxf5 Nxc4 25. e6 f6 26. Rxd5 Nb6 27. Bxg6 hxg6 28. Qh6 Nxd5 29. Qxg6+ Kh8
30. Qh6+ Kg8 31. Qg6+ {1/2-1/2 Zigangirova,S-Stiri,A/Oropesa del Mar ESP 2001/
(31)}) 18. Qg3 $1 $14 {[%cal Gc3g7,Gg3g7][%mdl 4] Dieser Zug ist
wahrscheinlich noch stärker als die Alternative 18.Rad1. Jetzt hängt der Pe4
nicht wegen 19.Qxg7#, und Schwarz kann auch nicht 18...Nd7 spielen.} (18. Rad1
c4 19. bxc4 d5 20. exd5 exd5 21. Qg3 dxc4 22. Bf3 Re6 23. Bd5 Re2 24. Rfe1
Rxe1+ 25. Rxe1 g6 26. Qe5 Re8 27. h3 Qd7 28. Bxc4 Bb4 29. Qxf6 Rxe1+ 30. Bxe1
Bxe1 31. c3 {1-0 Shirov,A-Ljubojevic,L/Villarrobledo ESP 2001/ (43)}) 18... g6
(18... Ne8 19. Rad1 $14) (18... d5 19. exd5 exd5 20. Bf3 $14) 19. Qf4 Qd8 (
19... Nd7 20. Rad1 $14) 20. Rad1 {[%cal Gd1d8] Es droht noch nichts Konkretes,
aber Weiß besitzt offenkudig die Initiative.} d5 {Natürlich ist es nicht
logisch, die Stellung zu öffnen, wenn der Gegner über das Läuferpaar verfügt.
Aber in dieser Stellung muss Schwarz so spielen, sonst kommt 21.Bf3 oder 21.
Bc4 - mit der Idee 22.e4-e5 - und die schwarze Stellung würde noch kritischer.}
21. exd5 exd5 22. Bf3 {[%csl Gc3,Gf3][%cal Gc3h8,Gf3c6] Weiß macht nur
natürliche Entwicklungszüge und bekommt eine aussichtsreiche Stellung.} Re6 23.
Rfe1 Bd6 (23... Rxe1+ 24. Rxe1 d4 25. Bd2 $14) 24. Qh4 Rxe1+ (24... d4 25. Bd2
$14) 25. Rxe1 d4 26. Bd2 {[%csl Gd2,Gf3,Gh4][%cal Ge1e8][%mdl 2048] Weiß hat
die bessere Bauernstruktur und gutes Figurenspiel.} Nd7 $6 {Schwarz moechte
die Damen tauschen, aber Weiss hat seinen Vorteil im Endspiel auch.} (26... Qb6
$142 $14 27. Qxf6 $4 Bxh2+ $19) 27. Qxd8 Rxd8 28. Bb7 Ne5 (28... Nb8 29. Kf1
$16 {[%cal Gf1e2,Ge2d3,Gd3c4]}) 29. h3 $1 $16 {Dieser prophylaktische Zug
richtet sich gegen Ng4.} (29. Bxa6 Ra8 30. f4 Ng4 (30... Rxa6 31. fxe5 Bc7 32.
a4 Re6 $14) 31. Be2 Ne3 $132) 29... c4 {Schwarz kann den Pa6 nicht halten - er
versucht jetzt, so viel Material wie möglich zu tauschen.} (29... Rb8 30. Bxa6
Ra8 31. Bb5 Rxa2 32. f4 $18) 30. bxc4 Nxc4 31. Bg5 Rb8 32. Bxa6 Na3 33. Bd3 {
Weiß hat einen Bauern mehr. Die Realisierung des Vorteils ist noch nicht
leicht, das der weiße a-Bauer vom Na3 blockiert wird.} Kg7 34. Bc1 h5 (34...
Rb1 35. c3 $18) 35. g3 {[%cal Gc1f4,Gf4b8] Weiß bereitet den Abtausch der
schwarzfeldrigen Läufer mit Kg2-Kf3 vor.} Nb1 36. a4 $18 {Der weiße Freibauer
auf der a-Linie entscheidet die Partie.} Bb4 (36... Nc3 37. a5 $18 {[%csl Ga5]}
) 37. Bf4 Bxe1 38. Bxb8 Ba5 (38... Bc3 39. Bc7 $18 {[%cal Ra4a5]}) 39. Be5+ {
[%csl Rd4][%cal Re5d4,Re5g7]} 1-0

[Event "Alushta2"]
[Site "Alushta"]
[Date "1994.??.??"]
[Round "9"]
[White "Timoshenko, Georgy"]
[Black "Tregubov, Pavel V"]
[Result "0-1"]
[WhiteElo "2520"]
[BlackElo "2495"]
[Annotator "Ribli,Z"]
[PlyCount "76"]
[EventDate "1994.02.??"]
[EventType "tourn"]
[EventRounds "9"]
[EventCountry "UKR"]
[EventCategory "12"]
[SourceTitle "CBM 041"]
[Source "ChessBase"]
[SourceDate "1994.08.01"]
[SourceVersion "1"]
[SourceVersionDate "1994.08.01"]
[SourceQuality "1"]

1. e4 c5 2. Nf3 e6 3. d4 cxd4 4. Nxd4 Nc6 5. Nc3 Qc7 6. Be2 a6 7. O-O Nf6 8.
Be3 Bb4 9. Na4 O-O 10. Nxc6 bxc6 11. c4 Bd6 12. f4 Nxe4 13. Bd3 Nf6 14. c5 $6 (
14. Bb6 $1 Qb8 15. Bd4 $44 {Rogers,I-Van Mil,J/Wijk Sonnevanck/1993/CBM40/
INF59,210/}) 14... Be7 15. Bd4 Rd8 $5 (15... Nd5 $2 16. Nb6 Nxb6 17. Bxh7+ Kxh7
18. Qh5+ Kg8 19. Bxg7 $18 {Kuzmin,G-Sveshnikov,E/USSR ch/1973/INF16,343/}) (
15... Ne8 $6 16. Qc2 g6 17. Qc3 a5 18. Rae1 $44 {Lanka,Z-Gorjackin/Schwabisch
Gmund/1992/INF59,(210)/}) 16. Rf3 Rb8 17. a3 (17. Qc2 Rb4 $13) 17... Kf8 18.
Qc2 d6 19. Re1 (19. Bxh7 $5 dxc5 20. Bxc5 $13) 19... dxc5 20. Be5 Bd6 21. Bxh7
(21. Nxc5 a5 $15) 21... c4 $1 22. Kh1 Rb5 23. Nc3 Ra5 24. Bxf6 (24. Rfe3 Ng4
$15) 24... gxf6 25. f5 Kg7 $5 (25... Be5) 26. Ne4 (26. fxe6 $2 Rh5 $1 $19 (
26... Bxe6 $2 27. Rxe6 $1)) 26... Rh8 (26... exf5 $6 27. Nxd6 Qxd6 28. Bxf5
Bxf5 29. Rxf5 Rxf5 30. Qxf5 Qd3 31. Qg4+ Kf8 32. Qh4 Kg7 $10) 27. Nxf6 Re5 $1 (
27... Kxf6 $2 28. fxe6+ $1 $18) 28. Nh5+ (28. Ref1 exf5 29. Bxf5 Bxf5 30. Rxf5
Rxh2+ $1 31. Kxh2 Rxf5+ $19) 28... Kf8 29. Rxe5 Bxe5 30. f6 (30. fxe6 Bxe6 $17)
30... Qb6 31. Rf1 c5 $17 32. Qe4 Qd6 33. h3 Qd5 34. Qc2 Bb7 35. Rf2 (35. Rg1
Bd4 $19) 35... Rxh7 $1 36. Rd2 Rxh5 $1 37. Rxd5 Bxd5 38. Qf2 Rxh3+ 0-1

[Event "ESP-chB"]
[Site "Seville"]
[Date "2004.08.16"]
[Round "4"]
[White "Arizmendi Martinez, Julen Luis"]
[Black "De la Riva Aguado, Oscar"]
[Result "1/2-1/2"]
[WhiteElo "2534"]
[BlackElo "2552"]
[Annotator "Ribli,Z"]
[PlyCount "65"]
[EventDate "2004.08.03"]
[EventType "tourn"]
[EventRounds "5"]
[EventCountry "ESP"]
[EventCategory "10"]
[SourceTitle "CBM 103"]
[Source "ChessBase"]
[SourceDate "2004.11.11"]
[SourceVersion "1"]
[SourceVersionDate "2004.11.11"]
[SourceQuality "1"]

1. e4 c5 2. Nf3 Nc6 3. Nc3 e6 4. d4 cxd4 5. Nxd4 Qc7 6. Be2 a6 7. O-O Nf6 8.
Be3 Bb4 9. Na4 Be7 10. Nxc6 bxc6 11. Nb6 Rb8 12. Nxc8 Qxc8 13. Bd4 {Ungefähr
20 Jahre lang spielte Weiss hier 13.e5, aber nach 13...Nd5 14.Bc1 Bc5 bekommt
Schwarz in dieser Variante ausreichendes Gegenspiel. Der Läuferzug hält mehr
Spannung in der Stellung.} c5 14. Be5 Rb6 15. Qd3 O-O (15... d6 $5 {Ich halte
diesen Zug für logischer als die Partiefortsetzung, denn das spätere ...d6
erlaubt es Weiß, den Läufer nach b2 zu ziehen.}) 16. b3 d6 17. Bc3 (17. Bb2 $5)
17... d5 18. exd5 {Es ist schwer zu sagen was logischer ist - die
Partiefortsetzung, mit der Weiss die Stellung für sein Läuferpaar öffnet oder
18.e5, wonach Weiss dauerhaften Raumvorteil im Zentrum und Angriffschancen am
Königsflügel bekommt. Wahrscheinlich bekommt Schwarz nach beiden Zügen seine
Gegenchancen.} (18. e5 Nd7 19. f4 c4 $5 20. bxc4 Rc6 21. Qh3 Nb6 22. Bd3 g6 23.
Rf3 Re8 24. Rg3 (24. cxd5 Rxc3 25. d6 Bxd6 26. exd6 Rc6 27. Qh6 Nd7 28. f5 exf5
29. Rxf5 Rxd6 30. Raf1 Re7 {1/2-1/2 Lobron,E-Stellwagen,D/Wijk aan Zee NED
2004 (72)}) 24... Qc7 25. Bd4 Nxc4 {1/2-1/2 Baramidze,D-Stellwagen,D/
Maastricht NED 2004 (35)}) 18... Nxd5 19. Bd2 (19. Be5 Rd8 $5 20. Qg3 Bf6 21.
Bxf6 Nxf6 22. Rfd1 Nd5 23. Rd2 Nb4 24. Rxd8+ Qxd8 25. c3 Nd5 26. Rd1 Qb8 27.
Qd3 Kf8 {1/2-1/2 Timoshenko,G-Mastrovasilis,D/Halkidiki 2002/CBM 92 no vc (60)}
) 19... Nb4 20. Qc4 (20. Qe4 Bf6 21. c3 Rd8 22. Rad1 Nd5 23. Bd3 g6 $11 {
1-0 Shirov,A-Almasi,Z/Monaco MNC 2001/(61)}) 20... Rd6 {Das ist typisch in
dieser Variante, dass Schwarz seinen Turm über d6 ins Spiel bringt. Weiss hat
das Läuferpaar und die bessere Bauernstruktur, aber die schwarzen Figuren
stehen aktiv.} 21. Bc3 {Wenn Weiss wollte, könnte er statt dieser Fortsetzung
mit 21.Bxb4 praktisch forciert das Remis erreichen.} (21. Bxb4 cxb4 22. Qxb4
Qxc2 23. Bxa6 Rxa6 24. Qxe7 Rxa2 25. Rxa2 Qxa2 {1/2-1/2 Kasparov,G-Anand,V/
Frankfurt GER 2000 (33).}) 21... Rfd8 {[%cal Gd8d1][%mdl 4] Schwarz ist mit
der Variante 21...Nxc2 22.Bxg7 nicht zufrieden, wonach sein Königsflügel und
seine Bauernstruktur durchlöchert wird.} (21... Nxc2 22. Bxg7 Kxg7 23. Qxc2
Rfd8 24. Rac1 Bf6 25. b4 Rd2 26. Qe4 R2d4 27. Qe3 Rxb4 28. Rxc5 Qb8 29. Bxa6
Qf4 {1/2-1/2 Tseshkovsky,V-Zakharstov,V/Krasnodar 2001/EXT 2003 (50)}) 22. Rfc1
Bf6 {[%cal Gf6c3] Schwarz hat vor der Schwächung der Bauernstruktur am
Königsflügel keine Angst, er tauscht die schwarzfeldrigen Läufer.} 23. Bxf6
gxf6 24. Qg4+ $11 {Die weisse Bauernstruktur ist im Gegensatz zu der Schwarzen
gesund.} (24. Qh4 f5 25. c3 $14) 24... Kf8 25. c3 (25. a3 Nd5 (25... Nc6 26.
Qh4 Nd4 27. Bc4 $14) 26. Qh4 Kg7 27. Rd1 $14) 25... Nd5 26. Qh4 Kg7 27. Rd1 {
[%cal Gd1d3,Gd3g3]} Qd7 {[%cal Gd8d1] Schwarz versammelt alle Schwerfiguren
auf der d-Linie und droht jetzt 28...Nxc3, da die weisse Grundreihe schwach
ist.} (27... Nxc3 $4 28. Qg3+ $18 {[%cal Rg3g7,Rg3c3]}) 28. Rd3 Nf4 $8 {
[%mdl 256]} 29. Qg4+ (29. Rg3+ Ng6 $11) 29... Kf8 $11 30. Rxd6 (30. Qxf4 Rxd3
31. Bxd3 Qxd3 $15) 30... Nxe2+ (30... Qxd6 31. Bxa6 Qxa6 32. Qxf4 Qxa2 $11) 31.
Qxe2 Qxd6 32. g3 Qd3 33. Qb2 (33. Qxd3 Rxd3 $15) (33. Qb2 $11) 1/2-1/2

[Event "Asia-ch 4th"]
[Site "Doha"]
[Date "2003.02.28"]
[Round "7"]
[White "Thipsay, Praveen Mahadeo"]
[Black "Ganguly, Surya Shekhar"]
[Result "1/2-1/2"]
[WhiteElo "2465"]
[BlackElo "2556"]
[Annotator "Ribli,Z"]
[PlyCount "53"]
[EventDate "2003.02.22"]
[EventType "swiss"]
[EventRounds "9"]
[EventCountry "QAT"]
[SourceTitle "CBM 094"]
[Source "ChessBase"]
[SourceDate "2003.05.26"]
[SourceVersion "1"]
[SourceVersionDate "2003.05.26"]
[SourceQuality "1"]

1. e4 c5 2. Nf3 e6 3. d4 cxd4 4. Nxd4 Nc6 5. Nc3 Qc7 6. Be2 a6 7. O-O Nf6 8.
Be3 Bb4 9. Na4 Bd6 10. g3 b5 11. Nxc6 {Dieser Zug wird selten gespielt - die
Alternative 11.Nb6 ist popularer. Nach meiner persoenlichen Meinung ist es
besser fuer Weiß, sich mit diesem Springertausch nicht zu beeilen.} (11. Nb6 $5
Rb8 12. Nxc8 Rxc8 13. c4 $5 (13. Nxc6 dxc6 14. Bd3 h5 15. Bg5 h4 16. Bxh4 Rxh4
17. gxh4 Bxh2+ 18. Kg2 Ke7 $44 {0-1 Danin,A-Panarin,M/Essentuki RUS 2003/(47)})
(13. a4 $5 Nxd4 14. Bxd4 e5 15. Be3 Bc5 16. Bxc5 (16. axb5 Bxe3 17. fxe3 axb5
18. Bxb5 O-O 19. Rxf6 gxf6 20. Bxd7 $6 (20. c4 $1 $44) 20... Ra8 {0-1 Shirov,
A-Anand,V/New Delhi/Theran 2000/CBM 81 (41)}) 16... Qxc5 17. axb5 (17. Bd3 Rb8
18. axb5 axb5 19. Ra5 Qb4 $5 20. Qa1 O-O $11 {0-1 Jakovenko,D-Macieja,B/Batumi
2002/CBM 90/[Ribli] (67)}) 17... axb5 18. Bd3 (18. Ra5 Rb8 19. Qd3 O-O 20. c3
Qc6 21. Bf3 Rfe8 22. Rfa1 Re6 23. R1a3 Ne8 24. Rb3 Nc7 {1/2-1/2 Galkin,
A-Beshukov,S/St Petersburg 1997/CBM 61 ext (32)}) 18... O-O 19. Ra5 Rb8 20. c4
Qd4 (20... Qb4 21. Rxb5 Rxb5 22. cxb5 Nxe4 23. Bxe4 Qxe4 24. Qxd7 Qb4 25. Rc1 {
1-0 Yagupov,I-Landa,K/Tomsk 1999/EXT 2001 (38)}) 21. Rxb5 Rxb5 22. cxb5 Qxb2
23. Qb1 Qd4 24. Rd1 d6 25. Bf1 Qxe4 26. Qxe4 Nxe4 27. f3 {1-0 Shirov,A-De la
Riva Aguado,O/Andorra 2001/CBM 82 ext (58)}) 13... Nxd4 14. Bxd4 bxc4 15. Rc1
Qb8 16. Bxc4 a5 17. Qe2 e5 18. Be3 O-O 19. Bg5 Be7 20. Rfd1 Rc7 21. b3 {
1-0 Svidler,P-Macieja,B/Germany 2002/CBM 90 ext (30)}) 11... Qxc6 12. Nb6 Rb8 (
12... Bb7 13. Nxa8 Qxe4 14. Bf3 Qxf3 15. Qxf3 Bxf3 16. Nb6 Ng4 17. a4 Ke7 18.
axb5 axb5 $44 {1/2-1/2 Apicella,M-Cerisier,P/Strasbourg 1992/EXT 97 (48)}) 13.
Nxc8 Rxc8 14. Bf3 (14. Bd3 Be5 15. a4 (15. c3 $6 Nxe4 16. a4 Nd6 17. Re1 Nc4
18. axb5 axb5 19. Bc1 Bf6 20. Ra7 Qb6 21. Rxd7 Kxd7 22. Bxc4+ Ke7 23. Be3 Qb7
$15 {1/2-1/2 Dashko,A-Beshukov,S/Krasnodar 2001/EXT 2002 (47)}) 15... b4 16.
Qe2 a5 17. c3 bxc3 18. Rac1 O-O 19. f4 Bb8 20. bxc3 Nxe4 21. Bd4 f5 {1/2-1/2
Shirov,A-Hattu,A/Neuilly Sur Seine 2001/CBM 81 ext (43)}) 14... e5 {[%mdl 4]
Mit diesem Zug befestigt Schwarz die Zentrumstellung, wonach der f3B vom Spiel
ausgeschlossen wird.} (14... Be5 15. c3 Nxe4 $2 16. Bd4 $36 {[%csl Re4][%cal
Gf1e1,Gf3c6]}) 15. Bg5 (15. c3 Bc5 $11) 15... Bc5 $11 {[%csl Gc5][%cal Gc5g1]
Das Feld d5 ist ein positionelles Loch in der schwarze Stellung, aber sein c5B
steht sehr aktiv und kontrolliert stark die Diagonale a7-g1.} 16. Qd3 O-O {
Schwarz kann ruhig rochieren, weil 17.Bxf6 Qxf6 18.Qxd7?? an 18...Qxf3
scheitert.} 17. c3 h6 18. Bxf6 (18. Be3 Bxe3 19. Qxe3 a5 $11) 18... Qxf6 19.
Bd1 {[%cal Gd1b3,Gb3g8][%mdl 32]} (19. a3 $5 {[%cal Gf3d1,Gd1b3,Gb3d5] Die
Idee dieses Zuges ist, dass Weiß - wie in der Partie - 20.Bd1 zieht, aber
dabei die Moeglichkeit fuer Schwarz 19...b4 unterbindet.}) 19... b4 $1 {
Auf diese Weise kann Schwarz eine gute Blockadestellung auf den dunklen
Feldern erreichen.} 20. cxb4 Bxb4 21. Bb3 Bc5 {[%csl Gb3,Gc5][%cal Gc5g1,Gb3g8]
Weiß kontrolliert die weißen, Schwarz die dunklen Felder.} 22. Bc4 a5 23. b3
Bd4 {Beide Spieler haben eine befestigte Läuferstellung.} 24. Rad1 Kh8 25. Kh1
{[%cal Gf2f4]} Qe7 26. f4 f6 27. fxe5 (27. f5 $5) (27. fxe5 fxe5 $11) 1/2-1/2